Risk and contextual factors associated with legal intervention injury and hospital outcomes among trauma patients in Pennsylvania

Police violence has been described as an ongoing public health issue with profound impacts on individuals and communities. We leveraged a state-wide trauma registry to identify patients injured through legal intervention between 1989 and 2019 to examine individual characteristics associated with inj...

Ausführliche Beschreibung

Gespeichert in:  
Bibliographische Detailangaben
VerfasserInnen: Zhang, Zhenyu Z. (Verfasst von) ; Vervoordt, Samantha M. (Verfasst von) ; Hillary, Frank G. (Verfasst von)
Medienart: Elektronisch Aufsatz
Sprache:Englisch
Veröffentlicht: 2026
In: Psychology, crime & law
Jahr: 2026, Band: 32, Heft: 1, Seiten: 118-134
Online-Zugang: Volltext (lizenzpflichtig)
Verfügbarkeit prüfen: HBZ Gateway
Schlagwörter:

MARC

LEADER 00000naa a22000002c 4500
001 1947847341
003 DE-627
005 20260107054820.0
007 cr uuu---uuuuu
008 260107s2026 xx |||||o 00| ||eng c
024 7 |a 10.1080/1068316X.2023.2227309  |2 doi 
035 |a (DE-627)1947847341 
035 |a (DE-599)KXP1947847341 
040 |a DE-627  |b ger  |c DE-627  |e rda 
041 |a eng 
084 |a 2,1  |2 ssgn 
100 1 |a Zhang, Zhenyu Z.  |e VerfasserIn  |0 (orcid)0000-0003-1871-9016  |4 aut 
245 1 0 |a Risk and contextual factors associated with legal intervention injury and hospital outcomes among trauma patients in Pennsylvania 
264 1 |c 2026 
336 |a Text  |b txt  |2 rdacontent 
337 |a Computermedien  |b c  |2 rdamedia 
338 |a Online-Ressource  |b cr  |2 rdacarrier 
520 |a Police violence has been described as an ongoing public health issue with profound impacts on individuals and communities. We leveraged a state-wide trauma registry to identify patients injured through legal intervention between 1989 and 2019 to examine individual characteristics associated with injuries, contextual factors during legal intervention, and clinical outcomes of injury to capture the nature of legal intervention injury. A total of 1098 patients injured through legal intervention were identified and 1095 patients from the PTOS dataset were matched for comparison with respect to injury and demographic factors. Patients injured through legal intervention were more likely to be male, identify as Black, had pre-existing psychiatric and substance use disorders (PECs), be intoxicated at admission, and have lower socioeconomic status. For White patients, PECs, intoxication, and lower SES were risk factors for worse clinical outcomes. Time of day and location of event also played a role in understanding this type of injury. Police violence disproportionately impacts racial minority groups as well as other disadvantaged and marginalized communities. An intersectional approach may help to understand contextual risk factors that can in turn aid in efforts to reduce law enforcement-related deaths and injuries. 
650 4 |a Intersectionality 
650 4 |a Racial Disparities 
650 4 |a Risk Factors 
650 4 |a Legal intervention injury 
700 1 |a Vervoordt, Samantha M.  |e VerfasserIn  |0 (orcid)0000-0003-4419-5631  |4 aut 
700 1 |a Hillary, Frank G.  |e VerfasserIn  |0 (orcid)0000-0002-1427-0218  |4 aut 
773 0 8 |i Enthalten in  |t Psychology, crime & law  |d Getzville, NY : HeinOnline, 1994  |g 32(2026), 1, Seite 118-134  |h Online-Ressource  |w (DE-627)341903574  |w (DE-600)2070124-X  |w (DE-576)27234995X  |x 1477-2744  |7 nnas 
773 1 8 |g volume:32  |g year:2026  |g number:1  |g pages:118-134 
856 4 0 |u https://doi.org/10.1080/1068316X.2023.2227309  |x Resolving-System  |z lizenzpflichtig  |3 Volltext  |7 1 
935 |a mkri 
951 |a AR 
ELC |a 1 
LOK |0 000 xxxxxcx a22 zn 4500 
LOK |0 001 4840528543 
LOK |0 003 DE-627 
LOK |0 004 1947847341 
LOK |0 005 20260107043604 
LOK |0 008 260107||||||||||||||||ger||||||| 
LOK |0 035   |a (DE-2619)KrimDok#2026-01-06#F412192B8691E757F5BB37B24BA1D0F691EEB245 
LOK |0 040   |a DE-2619  |c DE-627  |d DE-2619 
LOK |0 092   |o n 
LOK |0 852   |a DE-2619 
LOK |0 852 1  |9 00 
LOK |0 935   |a zota 
LOK |0 939   |a 07-01-26  |b l01 
ORI |a SA-MARC-krimdoka001.raw